Statistiques concernant Mots cachés n°35

Cliquez ici pour prendre le quiz!

Statistiques générales

  • Ce quiz a été pris 37 fois
  • Le résultat moyen est 24 sur 25

Statistiques - réponses

QuestionTuileSélection?% Correct
porte, pis, celte et balte.N
100%
porte, pis, celte et balte.O
100%
porte, pis, celte et balte.O
100%
porte, pis, celte et balte.O
100%
porte, pis, celte et balte.R
100%
porte, pis, celte et balte.T
100%
porte, pis, celte et balte.I
100%
porte, pis, celte et balte.A
97%
porte, pis, celte et balte.A
97%
porte, pis, celte et balte.S
97%
porte, pis, celte et balte.C
97%
porte, pis, celte et balte.L
94%
porte, pis, celte et balte.E
94%
porte, pis, celte et balte.O
94%
porte, pis, celte et balte.E
94%
porte, pis, celte et balte.P
94%
porte, pis, celte et balte.B
94%
porte, pis, celte et balte.C
94%
porte, pis, celte et balte.B
94%
porte, pis, celte et balte.P
94%
porte, pis, celte et balte.L
91%
porte, pis, celte et balte.L
91%
porte, pis, celte et balte.E
91%
porte, pis, celte et balte.E
89%
porte, pis, celte et balte.P
86%

Distribution des résultats

Percentile par nombre de réponses

% des personnes avec chaque résultat

Votre développement - résultats

Vous n’avez pas pris ce quiz